Domeniche di Avvento. Canti per la messa - Liturgia della parola (Record n. 101913)

Dettagli MARC
000 -LEADER
fixed length control field 01436njm a2200313Ia 4500
001 - CONTROL NUMBER
control field D3632
003 - CONTROL NUMBER IDENTIFIER
control field IT-RoPAU
005 - DATE AND TIME OF LATEST TRANSACTION
control field 20220918181149.0
008 - FIXED-LENGTH DATA ELEMENTS--GENERAL INFORMATION
fixed length control field 131025s9999 xx 000 0 und d
040 ## - CATALOGING SOURCE
Original cataloging agency IT-RoPAU
040 ## - CATALOGING SOURCE
Transcribing agency IT-RoPAU
041 ## - LANGUAGE CODE
Language code of text/sound track or separate title ITALIANO
999 ## - SYSTEM CONTROL NUMBERS (KOHA)
Koha Dewey Subclass [OBSOLETE] n.d.
100 ## - MAIN ENTRY--PERSONAL NAME
Personal name Anselmi Daniele
9 (RLIN) 29755
100 ## - MAIN ENTRY--PERSONAL NAME
Relator term Autore musica
9 (RLIN) 30849
100 ## - MAIN ENTRY--PERSONAL NAME
Miscellaneous information Codice autore musica SPICS: 40135
9 (RLIN) 29757
245 ## - TITLE STATEMENT
Title Domeniche di Avvento. Canti per la messa - Liturgia della parola
250 ## - EDITION STATEMENT
Edition statement 1a ed.
260 ## - PUBLICATION, DISTRIBUTION, ETC. (IMPRINT)
Place of publication, distribution, etc. ROMA
260 ## - PUBLICATION, DISTRIBUTION, ETC. (IMPRINT)
Name of publisher, distributor, etc. EP - MUSICALI E DISCOGRAFICHE
Date of publication, distribution, etc. 1995 [1a Ed.:1995 - Ed. Lingua Orig.: 1995]
300 ## - PHYSICAL DESCRIPTION
Extent MUSICASSETTA
300 ## - PHYSICAL DESCRIPTION
Dimensions 40 minuti (Testo: pag.)
500 ## - GENERAL NOTE
General note Musica religiosa, liturgica.
505 ## - FORMATTED CONTENTS NOTE
Formatted contents note Vieni Signore a salvarci - Cieli, irrorate la vostra rugiada - Quanta luce sul mondo - Signore pietà - Andiamo con gioia - Alleluia, mostraci Signore - Vieni, re di giustizia - Alleluia, preparate la via - Venga il tuo regno - Vieni Signore, vieni a salvarci - Alleluia, lo Spirito del Signore - Ecco, viene il Signore - Alleluia ecco la vergine - Ecco come avvenne - Lode a Cristo - Come Maria, figlia di Sion
650 ## - SUBJECT ADDED ENTRY--TOPICAL TERM
Topical term or geographic name as entry element LITURGICO [CASSETTE]
Relator term Codice MATERIA SPICS: 9951
9 (RLIN) 5632
700 ## - ADDED ENTRY--PERSONAL NAME
Personal name Frisina Marco
Relator term Autore
Miscellaneous information Codice autore SPICS: 38406
9 (RLIN) 30850
700 ## - ADDED ENTRY--PERSONAL NAME
Personal name Parisi Antonio
Relator term Autore testo e musica
Miscellaneous information Codice autore testo/musica SPICS: 35389
9 (RLIN) 30851
942 ## - ADDED ENTRY ELEMENTS (KOHA)
Koha item type MUSICASSETTE
Source of classification or shelving scheme Dewey Decimal Classification
Dati di copia
Withdrawn status Lost status Damaged status Not for loan Home library Current library Date acquired Total Checkouts Full call number Date last seen Price effective from Koha item type Public note
    Buone Condizioni Not For Loan SPICS-MEDIATECA SPICS-MEDIATECA 25/10/2013   D3632 25/10/2013 25/10/2013 MUSICASSETTE Progr. Ins.: 1944 / N.Vol.: 1 / Copie: 1 - Copia rara: n.d. / date import: 01.01.2014 - By Epidotti, Trombetti, Vaglietti
CREDITS: SOCIETA' SAN PAOLO Via A.Severo, 58 - ROMA (RM) & PERIODICI SAN PAOLO SRL Via Giotto, 36 MILANO & CISF Via Giotto, 36 MILANO & EDIZIONI SAN PAOLO SRL,  Piazza Soncino, 5 CINISELLO BALSAMO (MI) -- ITALY